Countries by Letter - M - Statistics

General Stats
  • This quiz has been taken 60 times
  • The average score is 14 of 17
Answer Stats
Countries % Correct
Malaysia
97%
Mali
94%
Mauritius
88%
Mauritania
85%
Monaco
85%
Madagascar
82%
Mongolia
82%
Malawi
79%
Maldives
79%
Morocco
79%
Mozambique
76%
Mexico
74%
Moldova
74%
Montenegro
74%
Myanmar
74%
Marshall Islands
71%
Malta
65%
No matching quizzes found
Score Distribution
Percent of People with Each Score
Percentile by Number Answered
Your Score History
You have not taken this quiz